00817 2200277 4500001002100000005001500021035002000036001002100056005001500077035002000092035002000112245013000132100003200262300002600294260004500320082001100365084001700376020002200393008004100415650002200456700001700478990001100495990001100506990001100517990001100528INLIS00000000000161020231219083856 a0010-1223000020INLIS00000000000160720231219082533 a0010-1223000019 a0010-12230000171 aTak Apa-Apa Tak Sempurna :bHilangkan Pikiran Kita Harus Jadi Seperti Apa Jadilah Diri Sendiri /cBrene Brown, Ph.D., L.M.S.W0 aBrene Brown, Ph.D., L.M.S.W axxi, 220 hlm ;c20 cm aJakarta :bGramedia Pustaka Utama,c2023 a155.25 a155.25 BRE t a978-602-06-4092-1231219 0  4aPengembangan Diri0 aSusi Purwoko a003007 a003008 a003009 a003010